LEADER 00678nam0-22002531i-450- 001 990002616640403321 035 $a000261664 035 $aFED01000261664 035 $a(Aleph)000261664FED01 035 $a000261664 100 $a20000920d1978----km-y0itay50------ba 101 0 $aENG 200 1 $a<>art of problem solving$fdi ACKOFF Russ ell 205 $a$a 210 $aNew York$cWiley$d1978 700 1$aAckoff,$bRussell Lincoln$f<1919-2009>$02990 801 0$aIT$bUNINA$gRICA$2UNIMARC 901 $aBK 912 $a990002616640403321 952 $a1-4-84-TI$b5075$fECA 959 $aECA 996 $aArt of problem solving$9433743 997 $aUNINA DB $aING01 LEADER 00897nam0 22002531i 450 001 RML0243213 005 20231121125707.0 100 $a20121121d1976 ||||0itac50 ba 101 | $aita 102 $ait 181 1$6z01$ai $bxxxe 182 1$6z01$an 200 1 $aPapiri e papirologia$fVittorio Bartoletti 210 $aFirenze $cIstituto papirologico G. Vitelli $d1976 215 $a41 p.$d21 cm 700 1$aBartoletti$b, Vittorio$3RMLV156759$0167813 801 3$aIT$bIT-01$c20121121 850 $aIT-FR0017 899 $aBiblioteca umanistica Giorgio Aprea$bFR0017 912 $aRML0243213 950 0$aBiblioteca umanistica Giorgio Aprea$d 52CIS S.Sij.E4.Bartol.Pap.$e 52VM 0000127915 VM barcode:000000303-10. - Inventario:484 Sijp.VM$fA $h19600101$i20121204 977 $a 52 996 $aPapiri e papirologia$9734253 997 $aUNICAS